000 00261nam a2200097Ia 4500
001 797679
005 20250826170812.0
008 250824s9999 xx 000 0 und d
245 0 _aDEVLETİN GİZLİ SIRLARI HEYET 2
_cHALİL YAŞAR KOLLU
260 _bLOPUS YAYINLARI
999 _c797679
_d797679